ALMOs tomorrow (Record no. 106805)
[ view plain ]
| 000 -LEADER | |
|---|---|
| fixed length control field | 01306cad a22002895a 4500 |
| 001 - CONTROL NUMBER | |
| control field | L137514 |
| 008 - FIXED-LENGTH DATA ELEMENTS--GENERAL INFORMATION | |
| fixed length control field | 070412s2007 xxkde f 000 0 eng d |
| 035 ## - SYSTEM CONTROL NUMBER | |
| System control number | (Sirsi) u137514 |
| 041 0# - LANGUAGE CODE | |
| Language code of text/sound track or separate title | eng |
| 050 04 - LIBRARY OF CONGRESS CALL NUMBER | |
| Classification number | 306.11 $2 18 |
| 100 1# - MAIN ENTRY--PERSONAL NAME | |
| Personal name | Zitron, Jeff |
| 110 2# - MAIN ENTRY--CORPORATE NAME | |
| Corporate name or jurisdiction name as entry element | Housemark Ltd |
| 9 (RLIN) | 5161 |
| 245 00 - TITLE STATEMENT | |
| Title | ALMOs tomorrow |
| Remainder of title | a guide to ALMO business planning beyond decent homes |
| Medium | [electronic resource] |
| 260 ## - PUBLICATION, DISTRIBUTION, ETC. | |
| Place of publication, distribution, etc. | Coventry |
| Name of publisher, distributor, etc. | Housemark Ltd |
| Place of publication, distribution, etc. | London |
| Name of publisher, distributor, etc. | Tribal Consulting |
| Place of publication, distribution, etc. | Coventry |
| Name of publisher, distributor, etc. | Chartered Institute of Housing |
| Place of publication, distribution, etc. | Scarborough |
| Name of publisher, distributor, etc. | National Federation of ALMOs |
| Date of publication, distribution, etc. | 2007 |
| 520 ## - SUMMARY, ETC. | |
| Summary, etc. | Provides strategic and practical advice for ALMOs and their partners. Sets out five options for ALMOs and shows how they can adapt to a wider role and even start to build new homes. |
| 590 ## - LOCAL NOTE (RLIN) | |
| Local note | KA |
| 650 24 - SUBJECT ADDED ENTRY--TOPICAL TERM | |
| Topical term or geographic name entry element | ARM'S LENGTH MANAGEMENT ORGANISATIONS |
| 650 24 - SUBJECT ADDED ENTRY--TOPICAL TERM | |
| Topical term or geographic name entry element | HOUSING |
| 651 #4 - SUBJECT ADDED ENTRY--GEOGRAPHIC NAME | |
| Geographic name | England and Wales |
| Chronological subdivision | 1543- |
| 690 ## - LOCAL SUBJECT ADDED ENTRY--TOPICAL TERM (OCLC, RLIN) | |
| Topical term or geographic name as entry element | PROPERTY-RESIDENTIAL PROPERTY-DOMESTIC RESIDENTIAL PROPERTY-HOUSING |
| 700 1# - ADDED ENTRY--PERSONAL NAME | |
| Personal name | Hall, David |
| 710 1# - ADDED ENTRY--CORPORATE NAME | |
| Corporate name or jurisdiction name as entry element | Chartered Institute of Housing |
| 9 (RLIN) | 2394 |
| 710 1# - ADDED ENTRY--CORPORATE NAME | |
| Corporate name or jurisdiction name as entry element | National Federation of ALMOs |
| 710 1# - ADDED ENTRY--CORPORATE NAME | |
| Corporate name or jurisdiction name as entry element | Tribal Consulting |
| 9 (RLIN) | 4968 |
| 856 40 - ELECTRONIC LOCATION AND ACCESS | |
| Uniform Resource Identifier | <a href="https://www.housemark.co.uk/hmresour.nsf/lookup/ALMOsTomorrow.pdf/$File/ALMOsTomorrow.pdf">https://www.housemark.co.uk/hmresour.nsf/lookup/ALMOsTomorrow.pdf/$File/ALMOsTomorrow.pdf</a> |
| Public note | View the item free of charge at www.housemark.co.uk |
| 942 ## - ADDED ENTRY ELEMENTS (KOHA) | |
| Suppress in OPAC | 0 |
| Withdrawn status | Lost status | Source of classification or shelving scheme | Damaged status | Not for loan | Home library | Current library | Shelving location | Date acquired | Total Checkouts | Full call number | Barcode | Date last seen | Copy number | Price effective from | Koha item type |
|---|---|---|---|---|---|---|---|---|---|---|---|---|---|---|---|
| Dewey Decimal Classification | Virtual | Virtual | Online | 12/04/2007 | L137514 | 137514-1001 | 06/08/2019 | 1 | 06/08/2019 | Book |